Not a Cat - Statistics

General Stats
  • This quiz has been taken 30 times
  • The average score is 7 of 12
Answer Stats
Picture Hint Answer % Correct
Siluriformes Catfish
96%
Galeocerdo cuvier Tiger Shark
92%
Pterois Lionfish
88%
Otariinae Sea Lion
88%
Eublepharis macularius Leopard Gecko
63%
Hydrurga leptonyx Leopard Seal
58%
Arctictis binturong Bearcat
54%
Ambystoma tigrinum Tiger Salamander
50%
Myrmeleontidae Antlion
38%
Stigmochelys pardalis Leopard Tortoise
38%
Salmo trutta × Salvelinus fontinalis Tiger Trout
25%
Melanoptila glabrirostris Black Catbird
13%
No matching quizzes found
Score Distribution
Percent of People with Each Score
Percentile by Number Answered
Your Score History
You have not taken this quiz